| 000 | 00373nam a2200133 a 4500 | ||
|---|---|---|---|
| 005 | 20140412111326.0 | ||
| 008 | 110128s19uu xx 00 eng d | ||
| 020 | _a0-590-98391-1 | ||
| 050 |
_aTR(GS 372.7 _bF841 1998 |
||
| 100 | _aFranco, Betsy | ||
| 245 |
_aWrite - and - Read Math Story Books / _cBetsy Franco. |
||
| 260 |
_aU.S.A : _bScholastic, _c1998. |
||
| 999 |
_c104662 _d104662 |
||